000 00528nam a2200217Ia 4500
003 OSt
005 20221005113612.0
006 a|||||r|||| 00| 0
007 ta
008 221004b |||||||| |||| 00| 0 snd d
024 _a6622
037 _cTextual
040 _aCRL
_cCRL
_bsnd
041 _2snd
_asnd
082 _aw44Q74,N4, 1593K7
100 _aNaarayni
_9624605
245 0 _aAadarsi Jeewan
260 _c1967
942 _hw44Q74,N4, 1593K7
_cTEXL
_2cc
999 _c1028708
_d1028708